| 000 | 00000nam##2200000za#4500 |
| 001 | 9.572360 |
| 003 | CaOODSP |
| 005 | 20210929082754 |
| 007 | cr ||||||||||| |
| 008 | 150406|1997||||xxc|||||o f|0| 0 eng|d |
| 040 | |aCaOODSP|beng |
| 043 | |an-cn--- |
| 086 | 1 |aFo29-47/6-1997E-PDF |
| 110 | 1 |aCanada. |bNatural Resources Canada. |bCanadian Forest Service. |
| 245 | 10|aPredicting forest floor moisture contents from duff moisture code values|h[electronic resource]|c[by] B.D. Lawson, G.N. Dalrymple and B.C. Hawkes. |
| 260 | |aVictoria - British Columbia : |bNatural Resources Canada. |cOctober, 1997. |
| 300 | |a6p.|bgraphs, tables, photographs |
| 490 | 1 |aTechnology transfer note|vNo. 6 |
| 500 | |aThe catalogue number (Fo29-47/6-1997E) and ISBN (0-662-25896-7) for the print edition have been incorrectly copied in this electronic publication. |
| 504 | |aBibliography. |
| 590 | |a11-30-Supp|b2011-12-02 |
| 690 | 07|aForests|2gcpds |
| 720 | 1 |aLawson, B. D. |
| 720 | 1 |aDalrymple, G.N. |
| 720 | 1 |aHawkes, B.C. |
| 775 | 08|tPrédiction de la teneur en humidité de la couverture morte à partir de l'indice de l'humus|w(CaOODSP)9.604813 |
| 776 | 0#|tPredicting forest floor moisture contents from Duff Moisture Code values|w(CaOODSP)9.613920 |
| 830 | #0|aTechnology transfer note ;|vNo. 6|w(CaOODSP)9.504768 |
| 856 | 40|ahttp://publications.gc.ca|qPDF|s170 KB|uhttps://publications.gc.ca/collections/Collection/Fo29-47-6-1997E.pdf|yNo. 6 |